Development as freedom / (Record no. 257)

000 -LEADER
fixed length control field 01646cam a2200361 a 4500
001 - CONTROL NUMBER
control field 12331845
003 - CONTROL NUMBER IDENTIFIER
control field OSt
005 - DATE AND TIME OF LATEST TRANSACTION
control field 20140116120822.0
008 - FIXED-LENGTH DATA ELEMENTS--GENERAL INFORMATION
fixed length control field 010301r20011999enk b 001 0 eng
010 ## - LIBRARY OF CONGRESS CONTROL NUMBER
LC control number 2001274375
015 ## - NATIONAL BIBLIOGRAPHY NUMBER
National bibliography number GBA1-10178
020 ## - INTERNATIONAL STANDARD BOOK NUMBER
International Standard Book Number 0192893300
035 ## - SYSTEM CONTROL NUMBER
System control number (OCoLC)ocm45854372
040 ## - CATALOGING SOURCE
Original cataloging agency UKM
Transcribing agency UKM
Modifying agency DLC
042 ## - AUTHENTICATION CODE
Authentication code lccopycat
043 ## - GEOGRAPHIC AREA CODE
Geographic area code d------
050 00 - LIBRARY OF CONGRESS CALL NUMBER
Classification number HD75.S46 2001
100 1# - MAIN ENTRY--PERSONAL NAME
Personal name Sen, Amartya
245 10 - TITLE STATEMENT
Title Development as freedom /
Statement of responsibility, etc Amartya Sen.
260 ## - PUBLICATION, DISTRIBUTION, ETC. (IMPRINT)
Place of publication, distribution, etc Oxford :
Name of publisher, distributor, etc Oxford University Press,
Date of publication, distribution, etc 2001.
300 ## - PHYSICAL DESCRIPTION
Extent xvi, 366 p. ;
Dimensions ill.
500 ## - GENERAL NOTE
General note Originally published: 1999.
504 ## - BIBLIOGRAPHY, ETC. NOTE
Bibliography, etc Includes bibliographical references and index.
505 8# - FORMATTED CONTENTS NOTE
Formatted contents note Machine generated contents note: Introduction: Development as Freedom -- The Perspective of Fredom -- The ends and the Means of Development -- Freedom and the Foundations of ustice -- Povertyas Capability Deprivation -- Markets, States, nd Social Opportunity -- The Importane of Democracy -- Famines and Other Crises -- S Women'sAgency ndSocial Chnge -- Population, Food and Freedom -- Culture and HumanRights -- Social Choice and Individual Behavior -- Individual Freedom as a Social Commitment
650 #0 - SUBJECT ADDED ENTRY--TOPICAL TERM
Topical term or geographic name as entry element Liberty.
650 #0 - SUBJECT ADDED ENTRY--TOPICAL TERM
Topical term or geographic name as entry element Free enterprise.
650 #0 - SUBJECT ADDED ENTRY--TOPICAL TERM
Topical term or geographic name as entry element Economic development
General subdivision Social aspects.
651 #0 - SUBJECT ADDED ENTRY--GEOGRAPHIC NAME
Geographic name Developing countries
General subdivision Economic conditions.
856 41 - ELECTRONIC LOCATION AND ACCESS
Materials specified Table of contents
Uniform Resource Identifier <a href="http://www.loc.gov/catdir/toc/fy02/2001274375.html">http://www.loc.gov/catdir/toc/fy02/2001274375.html</a>
906 ## - LOCAL DATA ELEMENT F, LDF (RLIN)
a 7
b cbc
c copycat
d 2
e ncip
f 20
g y-gencatlg
942 ## - ADDED ENTRY ELEMENTS (KOHA)
Source of classification or shelving scheme
Koha item type Book
Holdings
Withdrawn status Lost status Source of classification or shelving scheme Damaged status Not for loan Home library Current library Date acquired Source of acquisition Total Checkouts Full call number Barcode Date last seen Date checked out Copy number Price effective from Koha item type Total Renewals Shelving location
          Riara University Library Riara University Library 13/10/2011 Purchase 10 HD75.S46 2001 458/11 28/07/2021 15/07/2021 C.1 13/10/2011 Book    
          Riara University Library Riara University Library 13/10/2011 Purchase 8 HD75.S46 2001 459/11 23/06/2022 06/06/2022 C.2 13/10/2011 Book 2  
          Riara University Library Riara University Library 13/10/2011 Purchase 8 HD75.S46 2001 457/11 31/03/2026 23/01/2026 C.3 13/10/2011 Book on Shortloan 2 Short Loan
          Riara University Library Riara University Library 30/09/2013     HD75.S46 1999 4352/13 30/09/2013   c.4 30/09/2013 Book   General stack
          Riara University Library Riara University Library 29/01/2014     HD75.S46 1999 4472/14 29/01/2014   C.5 29/01/2014 Book    
          Riara University Library Riara University Library 29/01/2014   3 HD75.S46 1999 4473/14 27/06/2019 13/06/2019 C.6 29/01/2014 Book    
          Riara University Library Riara University Library 29/01/2014   7 HD75.S46 1999 4474/14 13/02/2025 11/02/2025 C.7 29/01/2014 Book 2  
          Riara University Library Riara University Library 29/01/2014   7 HD75.S46 1999 4475/14 29/07/2019 08/07/2019 C.8 29/01/2014 Book 1  
          Riara University Library Riara University Library 29/01/2014   5 HD75.S46 1999 4476/14 27/01/2026 23/01/2026 C.9 29/01/2014 Book 1  
          Riara University Library Riara University Library 06/11/2015   4 HD75.S46 2001 6664/15 14/02/2025 10/02/2025 C.10 06/11/2015 Book   General stack
          Riara University Library Riara University Library 06/11/2015   6 HD75.S46 2001 6665/15 29/05/2025 14/05/2025 C.11 06/11/2015 Book 1 General stack
          Riara University Library Riara University Library 06/11/2015   3 HD75.S46 2001 6666/15 13/02/2025 11/02/2025 C.12 06/11/2015 Book 1 General stack

Riara University Library,
P.O. Box 49940-00100,
Nairobi, Kenya.